| 000 | 00459nam a22001695i 4500 | ||
|---|---|---|---|
| 001 | 53103 | ||
| 003 | ES-MaACL | ||
| 007 | t| | ||
| 008 | 960201s1874 fr ||||1| fre d | ||
| 040 |
_aCAM _bspa _cCCPB | SIC |
||
| 100 | 1 |
_aDu Boisgobey, Fortuné. _945695 |
|
| 245 | 1 | 4 |
_aLes collets noirs / _cpar Fortuné du Boisgobey. |
| 250 | _a2e ed. | ||
| 260 |
_aParis : _b[s.n.], _c1874 ( _fE. Donaud) |
||
| 300 |
_a2 v. ; _c18 cm. |
||
| 852 |
_aES-MaACL _jG-10897-8 |
||
| 999 |
_c53103 _d53103 |
||